000 00889nas a2200301 4500
001 BR2014002982
003 BR-BrBNA
005 20231205124023.0
007 ta
008 230509b bl.|||p| |||| 00| 00por d
040 _aBR-BrBNA
_bpor
_cBiblioteca Nacional de Agricultura
041 _a(Pt)
072 _aF70; F40; K10
100 1 _aAlvarenga, L.D.P.
100 1 _aLisboa, R.C.L.
245 1 _aContribuição para o conhecimento da taxonomia, ecologia e fitogeografia de briófitas da Amazônia Oriental
650 _aINVENTÁRIO
650 _aTAXONOMIA
650 _aECOLOGIA
650 _aBIOGEOGRAFIA
650 _aBRIOFITA
650 _aMUSGO
650 _aFLORESTA
650 _aAMAZONAS
773 0 _tActa Amazonica (Brazil)
_xISSN 0044-5967
_g(Sep 2009), v. 39(3) p. 495-504
_wBR2014002982
909 _a202311
_bLúcia
_c55
_dLúcia Elande
942 _2AGRIS
_n0
_cANA
999 _c236938
_d236938